00496nam a22001577a 4500003000400000008004100004020001800045082001700063245007400080260007400154300001600228650002000244650001600264650003800280700002000318OSt260622b |||||||| |||| 00| 0 eng d a9788194783503 a338.04bG97S aSkill and Entrepreneurship in Agriculture/ by Lokesh Gupta...[et al.] aNew Delhi: bInternational Books & Periodicals Supply Service,c2021. axii, 541 p. aSocial Sciences aAgriculture a Entrepreneurship in Agriculture  a Gupta, Lokesh